000 00280nam a2200121 a 4500
008 101025s1967|||| d
100 1 _aMinárik, Ivan
245 1 0 _aPurpurový medveď
260 _bTatran
_aBratislava
_c1967
020 _c14,50
041 _aslo
044 _axo
_cSK
999 _c12191
_d12191